000 00706nam a22001457a 4500
008 100624t xxu||||| |||| 00| 0 eng d
082 _222
_a290.0280
_bب و ر
100 _915174
_aبورجيو, ران
245 _aالعيشة فى روح النهضة /
_cرون بورجيو؛ نقله إلى العربية سمير صادق أبسخريون ؛ سامح صادق
260 _a[القاهرة]:
_bدار أويسس,
_c2003.
300 _a104 ص:
_c15 سم؛
650 _915190
_aالمسيحية - الفرق
942 _2ddc
_cBB
999 _c14208
_d14208